000 00425nam a2200169Ia 4500
008 231217s9999 xx 000 0 und d
020 _a8178811243
041 _aEnglish
082 _a658.514 GEO;3
100 _aGeorge, S S.
245 0 _aManaging innovation in the new millenium
260 _c2004
_bIcfai
_aHyderabad
300 _avi, 178+A10
400 _aManagement Series
650 _ainnovation
942 _cAA
999 _c190547
_d190547